000 00877nas a2200277 4500
001 BR0800078
003 BR-BrBNA
005 20231205111430.0
007 ta
008 230509b bl.|||p| |||| 00| 00por d
040 _aBR-BrBNA
_bpor
_cBiblioteca Nacional de Agricultura
041 _a(En)
072 _aL73
100 1 _aAlberton, L.R.
100 1 _aPachaly, J.R.
100 1 _aWerner, P.R.
100 1 _aRibeiro, M.G.
100 1 _aCordeiro Junior, C.
245 1 _aUse of chlorbutanol in the treatment of mixed equine sarcoid - case report
_b7 Jornada de Medicina Veterinária
650 _aEQÜINO
650 _aNEOPLASIA
650 _aASARCOMA
773 0 _tArquivos de Ciências Veterinárias e Zoologia da UNIPAR (Brazil)
_xISSN 1415-8167
_g(Jul-Dec 2002), v. 5(2) p. 314
_wBR0800078
909 _a202311
_bLúcia
_c55
_dLúcia Elande
942 _2AGRIS
_n0
_cANA
999 _c192688
_d192688